| 000 | 01144nam a2200217 4500 | ||
|---|---|---|---|
| 005 | 20220421094520.0 | ||
| 008 | 210421s2012 pe a|||fr|||| 001 0 spa d | ||
| 020 | _a9786124628504 | ||
| 040 |
_aCENDOC CAAAP _bspa _cCAAAP |
||
| 041 |
_aspa _hawajún |
||
| 050 |
_aP 130.52.L29 _bT42 |
||
| 245 |
_aTesoro de nombres awajún = Thesaurus / _cconsultor responsable de la investigación, Gustavo Solís Fonseca |
||
| 250 | _a1ra ed. | ||
| 260 |
_aLima: _bTerra Nuova: _bRegistro Nacional de Identificación y Estado Civil-RENIEC : _bApurimac ONLUS, _c2012 |
||
| 300 |
_a116 p.: _bilustraciones ; _c17 cm. |
||
| 505 | _aContienen : Presentación -- Conociendo al pueblo awajún -- Antroponimia awajún -- Cuestiones metodológicas para hacer crecer el Tesoro de nombres awajún -- El idioma awajún -- Conclusiones y recomendaciones | ||
| 650 | 0 |
_91959 _aLengua awajún _vGlosarios, vocabularios, etc. _xEspañol. |
|
| 650 | 0 |
_9414 _aLenguas Indias Sudamericanas |
|
| 856 |
_uhttps://www.reniec.gob.pe/portal/html/registro-civil-bilingue/portalrcb2016/4-difusion/9-publicaciones/tesoro-nombres-awajun.pdf _zver documento |
||
| 942 |
_2lcc _b22 - 04 - 21 _cBK |
||
| 999 |
_c1073 _d1073 |
||